| 000 -ლიდერი |
| ფიქსირებული სიგრძის საკონტროლო ველი |
01029nam a2200205Ia 4500 |
| 001 - საკონტროლო ნომერი |
| საკონტროლო ველი |
6955 |
| 003 - საკონტროლო ნომრის იდენტიფიკატორი |
| საკონტროლო ველი |
GE_BSU |
| 005 - ბოლო ოპერაციის თარიღი და დრო |
| საკონტროლო ველი |
20190701163748.0 |
| 008 - ფიქსირებული სიგრძის მონაცემთა ელემენტები - ზოგადი ინფორმაცია |
| ფიქსირებული სიგრძის საკონტროლო ველი |
181216s1966|||| |||||||||||||| ||geo|| |
| 080 ## - უნივერსალური ათობითი კლასიფიკაციის ინდექსი |
| Universal Decimal Classification number |
622.48.6(075.8) ქ-84 |
| 100 ## - მთავარი ჩანაწერი - პიროვნების სახელი |
| Personal name |
ქუთათელაძე, ა. |
| 9 (RLIN) |
3136 |
| 245 ## - ცნობა სათაურის შესახებ |
| Title |
მაღაროს პნევმატური დანადგარების დაპროექტება / |
| Statement of responsibility, etc |
ა.ქუთათელაძე ; რედ : ე.გძელიძე ; მხატვ : ს.ბოტკოველი. |
| 264 ## - წარმოების, გამოცემის, დისტრიბუციის და სხვა ცნობები |
| გამოცემის, წარმოების, დისტრიბუციის... ადგილი |
თბილისი : |
| გამოცემის, წარმოების, დისტრიბუციის... სახელწოდება |
განათლება, |
| გამოცემის, წარმოების, დისტრიბუციის... თარიღი |
1966. |
| 300 ## - ფიზიკური აღწერა |
| Extent |
168 გვ .: |
| Other physical details |
ცხრ. |
| Dimensions |
22 სმ. |
| 300 ## - ფიზიკური აღწერა |
| Accompanying material |
ცხრ. |
| 653 ## - INDEX TERM--UNCONTROLLED |
| Uncontrolled term |
მაღაროს პნევმატური დანადგარების დაპროექტება |
| 700 ## - ADDED ENTRY--PERSONAL NAME |
| Personal name |
გძელიძე, ე |
| Relator term |
რედაქტორი |
| 9 (RLIN) |
2327 |
| 700 ## - ADDED ENTRY--PERSONAL NAME |
| Personal name |
ბოტკოველი, ს |
| Relator term |
მხატვარი |
| 9 (RLIN) |
3137 |
| 942 ## - ADDED ENTRY ELEMENTS (KOHA) |
| Koha item type |
წიგნი |
| Source of classification or shelving scheme |
|